Normal view
MARC view
Entry Personal Name
001 - CONTROL NUMBER
- control field: 165757
003 - CONTROL NUMBER IDENTIFIER
- control field: OSt
005 - DATE AND TIME OF LATEST TRANSACTION
- control field: 20220923222029.0
008 - FIXED-LENGTH DATA ELEMENTS
- fixed length control field: 220923|| aca||aabn | a|a d
040 ## - CATALOGING SOURCE
- Original cataloging agency: OSt
- Transcribing agency: OSt
100 ## - HEADING--PERSONAL NAME
- Personal name: श्रीनिवास, मास्ति वेंकटेश अय्यंगार, संपा
670 ## - SOURCE DATA FOUND
- Source citation: Work cat.: (OSt)353448: श्रीनिवास, मास्ति वेंकटेश अय्यंगार, संपा., चिक्क वीर राजेन्द्र, अनु बी आर नारायण, 1984
